jaki prezydent jest z danego kraju i roku - Statystyki

Ogólne statystyki
  • Ten quiz został rozwiązany 3 razy
  • Średni wynik to 6 z 10
Statystyki odpowiedzi
rok urodzenia kraj prezydent % Poprawnych
26 12 1893 chiny mao zedong
100%
10 08 1674 litwa antanas smetona
67%
26 01 1763 szwecja charles XIV
67%
4 09 1877 łotwa karlis ulmanis
67%
23 02 1874 estonia konstantin pats
67%
18 06 1868 węgry miklos horthy
67%
11 06 1466 imperium azteków moctezuma II
67%
15 03 1767 USA andrew jackson
33%
19 11 1470 królestwo kongo joao I
33%
15 03 1878 iran reza shah
33%
Nie znaleziono quizów pasujących do podanych kryteriów
Rozkład punktacji
Procent ludzi z każdym wynikiem
Percentyl według liczby udzielonych odpowiedzi
Twoja historia wyników
Nie rozwiązałeś tego quizu